[Event "Zuerich op 25th"]
[Site "Zuerich"]
[Date "2001.12.28"]
[Round "4"]
[White "Glek, Igor Vladimirovich"]
[Black "Mikhalchishin, Adrian"]
[Result "1-0"]
[WhiteElo "2590"]
[BlackElo "2533"]
[Annotator "Glek,I"]
[PlyCount "41"]
[EventDate "2001.12.26"]
[EventType "swiss"]
[EventRounds "7"]
[EventCountry "SUI"]
[SourceTitle "EXT 2003"]
[Source "ChessBase"]
[SourceDate "2002.11.25"]
[SourceVersion "1"]
[SourceVersionDate "2002.11.25"]
[SourceQuality "1"]

1. e4 e5 2. Nf3 Nf6 3. d4 Nxe4 4. dxe5 d5 5. Nbd2 Bf5 6. Nxe4 Bxe4 7. Bd3 Nc6
8. O-O Be7 (8... Bxd3 9. Qxd3 Qd7 10. Bf4 Be7 11. Rad1 O-O-O 12. a3 h6 13. Rfe1
g5 14. Bc1 Qe6 15. b4 g4 16. Nd4 Nxd4 17. Qxd4 Kb8 18. Be3 b6 19. a4 c5 20.
bxc5 bxc5 21. Qd3 Ka8 22. c4 $18 {Volokitin,A-Sakaev,K/Moscow RUS 2001FIDE-WM})
9. Re1 Bxd3 10. Qxd3 Qd7 11. Bf4 O-O-O 12. a3 Qg4 13. Bd2 f6 14. Bc3 d4 $6 (
14... fxe5 15. Nxe5 Nxe5 16. Bxe5 $14) 15. Bb4 $1 (15. Re4 dxc3 16. Rxg4 Rxd3
17. cxd3 cxb2 18. Rb1 Bxa3 19. exf6 gxf6 20. Ra4 Bb4 21. Rxb2 (21. Nd4 Re8 22.
Nxc6 Re1+ 23. Rxe1 Bxe1 $19) 21... a5 $13) 15... Bxb4 (15... Rhe8 $142 16. Bxe7
Rxe7 17. exf6 gxf6 18. Rxe7 Nxe7 19. Re1 Ng6 20. h3 Qd7 21. b4 $14 (21. Re4 $14
)) 16. axb4 Nxb4 17. Qc4 Nc6 18. b4 $1 $40 Kb8 (18... fxe5 19. b5 (19. h3 Qg6)
19... e4 20. h3 Qg6 21. Nh4 Ne5 22. Nxg6 Nxc4 23. Nxh8 Rxh8 24. Rxa7 $18 (24.
Rxe4 $18)) (18... a6 19. Rxa6 $1 (19. b5 axb5 20. Ra8+ Nb8 21. Qxb5 Rhe8 22.
Ra7 b6 23. Qc4 Qd7 24. e6 Qc6 25. Qd3) 19... bxa6 20. Qxc6 (20. Qxa6+ Kd7 21.
e6+ Ke7 (21... Kd6 22. b5) 22. Qxc6 Qf4 23. g3 Qd6 24. Nxd4 g6 25. Qb7 Rde8 26.
Nb5 Qb6 27. Qxc7+ Qxc7 28. Nxc7 Rc8 29. Nd5+ Kd6 30. Nxf6 Ke7 31. Nd5+ Kd6 32.
Nf4 Rxc2 33. Rd1+ Kc6 34. e7 Re8 35. Nd5 Re2 36. b5+ Kc5 37. f4) 20... Rhe8 21.
e6 Kb8 22. b5 a5 23. b6) 19. b5 Nxe5 20. Nxe5 fxe5 21. Rxa7 $1 (21. Rxa7 Qg6 (
21... Kxa7 22. Qxc7 $1) 22. Rea1 Kc8 23. b6 Qxb6 (23... Kd7 24. Rxb7 Rc8 25.
Rxc7+ Rxc7 26. Qxc7+ Ke6 27. b7 Qe8 28. Ra8 $18) 24. Qf7) 1-0

[Event "ISR-chT playoff"]
[Site "Tel Aviv"]
[Date "2002.05.??"]
[Round "?"]
[White "Gofshtein, Leonid D"]
[Black "Rozentalis, Eduardas"]
[Result "1/2-1/2"]
[WhiteElo "2498"]
[BlackElo "2620"]
[Annotator "Gofshtein,L"]
[PlyCount "92"]
[EventDate "2002.05.??"]
[EventType "team"]
[EventRounds "2"]
[EventCountry "ISR"]
[SourceTitle "CBM 088"]
[Source "ChessBase"]
[SourceDate "2002.03.21"]
[SourceVersion "1"]
[SourceVersionDate "2002.03.21"]
[SourceQuality "1"]

1. e4 {[%mdl 4]} e5 2. Nf3 Nf6 3. d4 Nxe4 4. Bd3 Nc6 {Unexpectable idea of Y.
Murey still alive.} 5. Nxe5 $5 {Another lines-5.Be4 and 5.d5 dont give whites
the sufficient advantage.} (5. Bxe4 d5 6. Nxe5 (6. Bg5 Qd7 (6... Be7 7. Bxe7
Nxe7 8. Bxd5 Qxd5 9. dxe5 $14) 7. Nc3 (7. Bxd5 Qxd5 8. Nc3 Bb4 $10) (7. Nxe5
Nxe5 8. dxe5 dxe4 9. O-O Be7 $10) 7... dxe4 8. Nxe5 $13 {1-0 Rojo,G-Barez,H/
Madrid-B 1994 (39)}) (6. Bd3 e4 7. Bg5 f6 8. Be3 exd3 9. Qxd3 Nb4 10. Qb3 Bf5
11. Na3 $11 {Leko,P-Zarnicki,P/Buenos Aires m rapid 1994/1/2-1/2 (80)}) (6.
Bxh7 Rxh7 7. dxe5 Bg4 8. Bf4 Qd7 9. Nbd2 Qf5 10. Bg3 O-O-O 11. O-O Bc5 12. Re1
$11 {0-1 Sveshnikov,E-Pavasovic,D/Nova Gorica 1996 (37)}) 6... dxe4 7. Nxc6
bxc6 8. O-O Bd6 9. Re1 O-O 10. Nd2 $11 {1-0 Hracek,Z-Barua,D/Moscow olm
CZE-IND 1994 (32)}) (5. d5 Nc5 (5... Nf6 $5 6. dxc6 e4 7. cxb7 Bxb7 8. Be2 exf3
9. Bxf3 Bxf3 10. Qxf3 d5 11. O-O Be7 12. Nc3 O-O 13. Bg5 c6 $14) 6. dxc6 (6.
Be2 e4 $1) 6... e4 7. cxb7 Bxb7 8. Be2 exf3 9. Bxf3 $14 {1-0 Jansa,V-Jose
Queralto,D/Andorra 1996 (24)}) (5. O-O d5 6. c4 Nxd4 $1 $10) 5... Nc5 {Other
way -5...Ne5 leads to better endgame for whites as was shown in game Shirov
-Timman.} (5... Nxe5 6. Bxe4 (6. dxe5 Nc5 7. Bf4 (7. O-O d6 8. Bf4 dxe5 9. Bxe5
Nxd3 10. cxd3 Be6 $11 {1-0 Krakops,M-Oral,T/Berliner Sommer 1995/ (31)}) (7.
Bc4 $5) 7... d5 8. exd6 Bxd6 (8... Qf6 $6 9. Qe2+ Be6 10. Be5 $36 {1-0 Van den
Doel,E-Kroeze,F/Leeuwarden 1997/EXT 99 (21)}) 9. Bb5+ Ke7 10. Bxd6+ Qxd6 $14 {
Thoma,C-Toth,B/Badenweiler op 1995/1/2-1/2 (47)}) 6... d5 7. dxe5 dxe4 8. Qxd8+
Kxd8 9. Nc3 Bb4 (9... Bf5 10. Bg5+ (10. Be3 Kc8 11. O-O-O b6 {/\K} 12. Rd4 Bc5
13. Rc4 Bxe3+ 14. fxe3 Kb7 15. Rf1 $14 {1-0 Leko,P-Timman,J/Ubeda 1997/ (34)})
10... Kc8 11. O-O-O Bc5 12. Rhf1 h6 13. Be3 Bxe3+ 14. fxe3 Be6 15. Nxe4 $16 {
1-0 Bezgodov,A-Appleberry,M/Budapest FS06 GM 1996/ (27)}) 10. Bg5+ (10. Bd2 Re8
11. Bg5+ Be7 12. O-O-O+ $16 {1/2-1/2 Vagner,M-Brazina,D/Moravia-ch op 1994 (35)
}) 10... Ke8 11. O-O-O Bg4 (11... Be6 12. Nxe4 Bxa2 13. b3 $16) 12. Rd4 Bxc3
13. bxc3 h6 (13... Bf5 14. Rhd1 f6 15. exf6 $16) 14. Rxe4 $5 $146 {1-0 Shirov,
A-Timman,J/Wijk aan Zee 1998/CBM 63/[Ftacnik] (52)} (14. Bh4 g5 15. Bg3 Bf5 16.
Rhd1 Ke7 $14 {Schroll,G-Herndl,H/AUT-chT9697 1996/1/2-1/2 (74)}) (14. Be3 Bf5
15. Rhd1 Ke7 16. h3 Rhd8 17. g4 Rxd4 18. Rxd4 Be6 19. a3 h5 20. Rxe4 hxg4 21.
hxg4 Kd7 22. Rd4+ {1/2-1/2 Sutovsky,E-Lalic,B/Hastings 2000/CBM 75 (22)})) 6.
Bc4 $5 {White step out from changing trying to keep the tension.} (6. O-O Nxd3
7. Qxd3 Be7 $14 {1/2-1/2 Krakops,M-Pavasovic,D/Halle 1995/CBM 48 ext (15)})
6... Nxe5 7. dxe5 d6 8. Qf3 {[%cal Yc4f7,Yf3f7]} Ne6 $146 {[%mdl 8] Defending
from the direct mate but the development of white square bishop of blacks
became problematic.} (8... Qd7 $5 9. Nc3 c6 10. Be3 d5 $132 {1-0 Schaefer,
M-Hacker,C/Senden 1998/CBM 67 ext (21)}) 9. exd6 {Refusing from winning the
pawn after 9.Be6 because of sufficient compensation from the black side.} (9.
Bxe6 Bxe6 10. Qxb7 dxe5 11. Qb5+ Qd7 $44) 9... Bxd6 $6 {Deserve attention 9...
Qd6.Now black have some problems.} (9... Qxd6 $5 10. Be3 (10. Nc3 Qe5+ 11. Be3
Ba3) 10... Qb4+ 11. Nd2 Qxb2) 10. Be3 O-O 11. Nd2 {White prepares long
custling.} Be5 12. O-O-O {[%cal Yd1d8]} Qe7 13. Ne4 {[%cal Ye4f6,Ye4g5,Ye4d6]}
c6 14. Rhe1 {All whites pieces are ready for attack.} a5 {Trying to create
counterplay on the queenside.} 15. c3 {Redusing the active possibilities of
black bishop "e5"} Re8 16. Kb1 {Profilactic move.} b5 17. Bd3 $6 {Wrong way.
White doesn't use the chance to increase their attack after active 17.Qh5.} (
17. Qh5 $5 Qc7 (17... Bxc3 18. Bxe6 g6 (18... Bxe1 19. Ng5 $18) 19. Qf3 $18)
18. Bd3 g6 19. Qh4 $36) 17... g6 18. h4 {[%mdl 512] Distracting black queen
from the centre and prepairing tactical blow.} (18. Bd4 $5) 18... Qxh4 19. Nd6
$5 (19. Rh1 Qe7) 19... Bxd6 20. Qxc6 Bb7 $1 {[%mdl 256] Coolblooded defence.
Which bishop to choose?!} 21. Qxb7 (21. Qxd6 Rad8 22. Qb6 Be4 (22... Rxd3 23.
Qxb7 $11) 23. Bxe4 Qxe4+ 24. Ka1 b4 $132) 21... b4 $5 {Trying to create
counterchances opposite white king.} 22. c4 $6 {Probably better was 22.Qe4 not
closing the position.} (22. Qe4 $5 Qe7 (22... Qf6 $2 23. Bb5 $18) 23. Bb5 Red8
24. Bc6 Rac8 25. cxb4 Bxb4 26. Rxd8+ Rxd8 $11) 22... Qf6 23. Re2 {Brinning the
rook to d-file.} Red8 24. Red2 Bc5 {Trading the active white bishop and
leaving whites with another bad one.} 25. Qe4 Rac8 26. Be2 Re8 $1 $15 {[%cal
Re8e4] Creating the pressure on e-file and trying to use the weak black points
in the centre.Changing the rooks was not so good for black because of active
position of white queen.} 27. Qg4 {Moving the queen from dangerous opposition
but leaving with weak pawn.Black already has clear advantage.} Bxe3 28. fxe3
Nc5 {[%cal Yc5e4,Yc5a4]} 29. Bf3 Qe5 $5 {[%cal Ye5e3] Centralising the queen
and making whites to passive defence.} 30. Re2 Rcd8 {[%cal Yd8d1]} 31. Rd4 $5 {
White dont give the opportunity to take d-file under control.} Kg7 {Picking up
the pieces to the centre looking forward the future endgame.} 32. Bd5 Re7 33.
Qf3 Rd6 34. Rf4 Rf6 35. Rxf6 Qxf6 36. Kc2 {Black keeping a firm initiative in
their hands but white try to improve the position of their king.} Qe5 37. g3 {
Preparing the square "f4" for changing queens.} f5 38. Qf4 Qxf4 39. gxf4 {
[%mdl 4096]} h6 40. Kd2 Kf6 41. Rh2 h5 42. Ke2 Rh7 43. Kf3 h4 44. b3 Rh8 {
Black has clear advantage but there was draw treaty because of suitable team
interests.} 45. Rd2 Rd8 46. Rh2 Rh8 1/2-1/2

[Event "Hoogovens"]
[Site "Wijk aan Zee"]
[Date "1998.01.26"]
[Round "9"]
[White "Polgar, Judit"]
[Black "Van der Sterren, Paul"]
[Result "1-0"]
[WhiteElo "2670"]
[BlackElo "2550"]
[Annotator "Hansen,Cu"]
[PlyCount "67"]
[EventDate "1998.01.16"]
[EventType "tourn"]
[EventRounds "13"]
[EventCountry "NED"]
[EventCategory "17"]
[SourceTitle "CBM 063"]
[Source "ChessBase"]
[SourceDate "1998.03.26"]
[SourceVersion "1"]
[SourceVersionDate "1998.03.26"]
[SourceQuality "1"]

1. e4 e5 2. Nf3 Nf6 3. d4 Nxe4 4. Bd3 d5 5. Nxe5 Nd7 6. Nxd7 Bxd7 7. O-O Be7 8.
c4 Nf6 9. Nc3 Be6 10. c5 $14 {() White is slightly better because of his
spaceadvantage on the Q-side.} O-O 11. Bf4 c6 12. b4 Qd7 {[%cal Ye6f5] /
\Le6-f5 Just like in many other openings where black places his Ps on white -
Ortodox Queensgamit or French Defence for instance - the exchange of
whitesquared bishops would make things easier for him.} 13. Qc2 g6 14. b5 {
Blacks problems has to do with the combination of white been able to open the
<->b, and at the same time control the square b8. Making it impossible for
blacks Rs to oppose whites in the open line.} Rfe8 15. a4 (15. Rab1 $5) 15...
Nh5 16. Be3 Bd8 {[%cal Yd8a5] This move improves blacks position but that
could also have been done by:} (16... Ng7 $5 {[%cal Ye6f5,Yg7f5] /\Be6-f5//
\Ng7-f5}) 17. a5 {[%cal Ya5a6] /\a5-a6+/-} a6 $8 18. bxa6 bxa6 19. Na4 {
White has to sacrifice something to make progress. Another idea would be to
play:} (19. Rfb1 $5 {[%cal Yb1b6] /\Tb6}) 19... Bxa5 20. Nb6 Bxb6 21. cxb6 Bf5
$2 {Now white will regain her P with a big advantage.} (21... Qb7 $8 22. Rfb1
Ng7 $14) 22. Bxf5 Qxf5 23. Rfc1 (23. Qxc6 $5 $16) 23... Qxc2 24. Rxc2 a5 25.
Rxc6 Reb8 26. Bh6 $1 Ng7 {Van der Sterren had to keep an eye both on the
dangerous b6-P and his backrank. It does not seem that blacks position could
be defended:} (26... f5 27. h3 a4 (27... Rb7 28. Rac1 Rab8 29. g4 Ng7 30. R1c5
$16) 28. g4 Ng7 29. Bxg7 $1 Kxg7 30. Rc7+ Kf6 31. Ra7 $18) (26... a4 27. g4 Ng7
28. Rac1 $16 {[%cal Yb6b7,Yh6f4] /\b7//\Bf4}) 27. Rac1 Ne8 28. Bf4 Rb7 29. Rc8
Rxc8 30. Rxc8 Kf8 31. Bd6+ Kg7 32. Rxe8 Rxb6 33. Bf8+ Kf6 34. g3 1-0

[Event "San Martin"]
[Site "San Martin"]
[Date "1995.??.??"]
[Round "12"]
[White "Rodriguez Vila, Andres"]
[Black "Ginzburg, Maximiliano"]
[Result "1-0"]
[WhiteElo "2435"]
[BlackElo "2450"]
[Annotator "Hecht,H"]
[PlyCount "117"]
[EventDate "1995.03.??"]
[EventType "tourn"]
[EventRounds "13"]
[EventCountry "ARG"]
[EventCategory "10"]
[SourceTitle "CBM 048"]
[Source "ChessBase"]
[SourceDate "1995.10.01"]
[SourceVersion "1"]
[SourceVersionDate "1995.10.01"]
[SourceQuality "1"]

1. e4 e5 2. Nf3 Nf6 3. d4 exd4 4. e5 Ne4 5. Qe2 Bb4+ 6. Nbd2 Nxd2 7. Bxd2 Qe7
8. O-O-O Nc6 9. Bxb4 Qxb4 10. Qe4 b6 11. Nxd4 Bb7 12. Bb5 O-O-O 13. a3 Nxd4 14.
axb4 Nb3+ 15. cxb3 Bxe4 16. Rd4 Bf5 17. f4 f6 18. exf6 gxf6 19. Kd2 c6 20. Be2
d5 21. Ra1 Kb8 22. Rc1 Rd6 23. Bf3 Re8 24. g4 Bc8 25. Rd3 a6 26. Re3 Rxe3 27.
Kxe3 d4+ 28. Kd3 Kc7 29. f5 a5 30. bxa5 bxa5 31. Ra1 Kb6 32. Re1 Ba6+ 33. Kd2
c5 34. Re7 a4 35. bxa4 c4 36. Kc2 Kc5 37. Re6 h6 38. h4 Bc8 39. Rxd6 Kxd6 40.
a5 Ba6 41. Kd2 Ke5 42. Bc6 Kf4 43. g5 Kxf5 44. Be4+ Ke6 45. gxh6 Kf7 46. Bf5
Kg8 47. Kc2 Kh8 48. Kb1 Kg8 49. Ka2 Kf7 50. Ka3 Kg8 51. Kb4 Kh8 52. Kc5 c3 53.
bxc3 d3 54. Kb6 d2 55. Bc2 Be2 56. a6 Bd3 57. a7 Bxc2 58. a8=Q+ {Q-B+P
Eroberung des vom B assistierten Freibauern infolge Mattdrohung} Kh7 59. Qf8 $1
$8 (59. Qf8 Kg6 60. Qg7+ Kh5 61. Qxf6 Kg4 62. Qg5+ $18) 1-0

[Event "Sakthi"]
[Site "Sakthi"]
[Date "1996.??.??"]
[Round "11"]
[White "Thipsay, Praveen Mahadeo"]
[Black "Barua, Dibyendu"]
[Result "0-1"]
[WhiteElo "2475"]
[BlackElo "2520"]
[Annotator "Hecht,H"]
[PlyCount "96"]
[EventDate "1996.??.??"]
[EventType "tourn"]
[EventRounds "11"]
[EventCountry "IND"]
[EventCategory "9"]
[SourceTitle "CBM 053"]
[Source "ChessBase"]
[SourceDate "1996.08.01"]
[SourceVersion "1"]
[SourceVersionDate "1996.08.01"]
[SourceQuality "1"]

1. e4 e5 2. Nf3 Nf6 3. d4 Nxe4 4. Bd3 d5 5. Nxe5 Bd6 6. O-O O-O 7. c4 Nc6 8.
cxd5 Nxd4 9. Bxe4 Bxe5 10. Nc3 Qf6 11. Qd3 Nf5 12. Bd2 h6 13. Kh1 Nd6 14. f4
Bd4 15. Rae1 Bd7 16. b3 Rfe8 17. Bh7+ Kh8 18. Ne4 Nxe4 19. Bxe4 Qb6 20. Qc2 Re7
21. Bd3 Rae8 22. Rxe7 Rxe7 23. Re1 Rxe1+ 24. Bxe1 Qd6 25. Bd2 Bb6 26. Be4 Qf6
27. Qc3 Qe7 28. Bf3 Bf5 29. Qb4 Bc5 30. Qc4 a6 31. a4 a5 32. g4 Bb1 33. Kg2 b6
34. Qc1 Be4 35. Qe1 Bc2 36. Qxe7 Bxe7 {[#] schlechte weiße Verteidigung bei
einem Minusbauern, schlechte Aufstellung am K-Flügel führt zu Fesselung und
Zugzwang.} 37. d6 Bxd6 38. Bd5 Kg8 $17 39. h4 (39. h3 $5) 39... Kf8 40. Kf3 $2
(40. g5 $5) 40... Bd1+ 41. Kg3 g5 $1 $19 42. Be3 Ke7 43. Bd2 f6 44. Be3 Kd7 45.
Bd2 Bb4 46. hxg5 hxg5 (46... Bxd2 47. g6 Bc2 48. f5 $18) 47. Be3 Bd6 48. Bd2 c6
(48... c6 49. Bc4 Ke7 50. Be3 b5 51. axb5 cxb5 52. Bxb5 Bxb3 53. Kf3 Bd1+ 54.
Kg3 a4 $19) 0-1

[Event "North Sea Cup 15th"]
[Site "Esbjerg"]
[Date "2000.07.09"]
[Round "3"]
[White "De Vreugt, Dennis"]
[Black "Nielsen, Peter Heine"]
[Result "0-1"]
[WhiteElo "2511"]
[BlackElo "2578"]
[Annotator "Hecht,H"]
[PlyCount "196"]
[EventDate "2000.07.07"]
[EventType "tourn"]
[EventRounds "9"]
[EventCountry "DEN"]
[EventCategory "14"]
[SourceTitle "CBM 078"]
[Source "ChessBase"]
[SourceDate "2000.10.18"]
[SourceVersion "1"]
[SourceVersionDate "2000.10.18"]
[SourceQuality "1"]

1. e4 e5 2. Nf3 Nf6 3. d4 Nxe4 4. Bd3 d5 5. Nxe5 Nd7 6. Nxd7 Bxd7 7. O-O Bd6 8.
c4 c6 9. cxd5 cxd5 10. Nc3 Nxc3 11. bxc3 O-O 12. Qh5 g6 13. Qxd5 Qc7 14. Rb1
Bc6 15. Qg5 Bxh2+ 16. Kh1 Bd6 17. c4 Rfe8 18. Qh4 b6 19. d5 Bd7 20. Bg5 Qc5 21.
Bf6 Be5 22. Rbe1 Qd6 23. Bg5 f6 24. Bd2 f5 25. Bg5 Kg7 26. g3 Bf6 27. Kg2 Bxg5
28. Qxg5 h6 29. Qc1 Rxe1 30. Rxe1 Re8 31. Rxe8 Bxe8 32. Qc3+ Qf6 33. Qa3 a5 34.
Bc2 f4 35. gxf4 Qxf4 36. Qe7+ Bf7 37. Be4 Qg5+ 38. Qxg5 hxg5 39. d6 Kf6 40. Bd5
Bxd5+ 41. cxd5 {Verschenkter schwarzer Gewinn} Kf7 $6 (41... a4 $1 42. Kf3 Kf7
43. d7 Ke7 44. d8=Q+ Kxd8 45. Ke4 Kd7 46. f3 Kd6 47. Kd4 b5 48. a3 g4 49. fxg4
g5 50. Kc3 Kxd5 51. Kb4 Kc6 52. Kc3 Kc5 53. Kd3 b4 54. axb4+ Kxb4 55. Kc2 Kc4
56. Kb2 Kd4 $19) 42. Kf3 $6 (42. a4 $1) 42... Ke8 $6 43. Ke4 $6 Kd7 $6 (43...
a4 $1 44. Kd4 Kd7 45. Kc4 Kxd6 46. Kb5 Kxd5 47. Kxa4 Kc4 48. f3 Kd4 49. Kb5 Ke3
50. Kxb6 Kxf3 51. a4 g4 52. a5 g3 53. a6 g2 54. a7 g1=Q+ $19 {mit Schach!}) 44.
a4 $1 Kxd6 45. Kd4 g4 46. Kc4 Ke5 47. Kb5 Kxd5 48. Kxb6 Ke4 49. Kxa5 Kf3 50.
Kb5 Kxf2 51. a5 g3 52. a6 g2 53. a7 g1=Q 54. a8=Q Qg5+ 55. Ka6 (55. Kb6) 55...
Qf6+ 56. Kb5 Qf5+ 57. Kb6 Qe6+ 58. Kb5 (58. Kc7) 58... g5 59. Qf8+ Ke2 60. Qg7
Qf5+ 61. Ka6 g4 62. Qb2+ Kf1 63. Qc1+ Kg2 64. Qd2+ Qf2 65. Qd5+ Kg1 66. Ka5 g3
67. Qd1+ Qf1 68. Qd4+ Kh2 69. Qh8+ Kg2 70. Qb2+ Kg1 71. Qd4+ Kh2 72. Qh8+ (72.
Qd6 $1 $11) (72. Qe5 $1 $11 {beides mit Remis laut Tablebase}) 72... Qh3 $19 {
laut Tablebase} 73. Qe5 (73. Qb2+ g2 74. Qe5+ Kh1 75. Qe4 Qh6 76. Qd5 Qf6 77.
Qe4 Qg5+ 78. Ka6 Kh2 79. Qe2 Qf5 $19) 73... Qh7 $2 74. Kb6 $1 $11 Qg6+ 75. Ka5
$19 (75. Kb7 $1 $11 {Der König gehört in die Nordwestecke!}) 75... Kh3 76. Qh8+
Kg4 77. Qd4+ Kh5 78. Qh8+ Kg5 79. Qh1 Qh5 (79... Qf5+ 80. Ka6 Qd3+ 81. Kb7 Qb3+
82. Ka8 Qa2+ 83. Kb7 Qb2+ 84. Ka8 g2 $19) 80. Qe4 Kf6+ 81. Kb4 Qe5 82. Qg4 Qg5
83. Qd4+ Kf5 84. Qd3+ Kg4 85. Qd1+ Kf5 86. Qd3+ Ke6 87. Qe4+ Kf7 88. Qh7+ Kf6
89. Qh8+ Qg7 90. Qh4+ Kf5 91. Ka3 Qa1+ 92. Kb3 Qd1+ 93. Ka3 Qf3+ 94. Kb2 g2 95.
Qh7+ Kf4 96. Qc7+ Ke3 97. Qc5+ Ke2 98. Qg1 Qf2 0-1

[Event "Zalaegerszeg"]
[Site "Zalaegerszeg"]
[Date "2004.04.24"]
[Round "1"]
[White "Korneev, Oleg"]
[Black "Pavasovic, Dusko"]
[Result "1/2-1/2"]
[WhiteElo "2573"]
[BlackElo "2591"]
[Annotator "Huzman,A"]
[PlyCount "136"]
[EventDate "2004.04.24"]
[EventType "tourn"]
[EventRounds "9"]
[EventCountry "HUN"]
[EventCategory "13"]
[SourceTitle "CBM 101"]
[Source "ChessBase"]
[SourceDate "2004.07.27"]
[SourceVersion "1"]
[SourceVersionDate "2004.07.27"]
[SourceQuality "1"]

1. e4 e5 2. Nf3 Nf6 3. d4 Nxe4 4. Bd3 d5 5. Nxe5 Nd7 6. Nxd7 Bxd7 7. O-O Bd6 8.
c4 c6 9. Nc3 Nxc3 10. bxc3 O-O 11. cxd5 cxd5 12. Qh5 f5 13. Qf3 Kh8 14. Bf4 Qc7
15. Bxd6 Qxd6 16. Bc2 (16. Rab1 b6 17. Rfe1 (17. Bb5 Rac8 18. a4 Rfe8 19. Qd3
Re4 $11 {1/2-1/2 Roche Simon,M-Solano Lasierra,J/Zaragoza 2001/EXT 2003 (49)})
17... Rfe8 18. h4 g6 19. Bc2 Rac8 20. Rbd1 Bb5 21. h5 Kg7 22. a4 Bc4 23. g3 Re6
24. Re3 Rce8 25. Rde1 Rxe3 26. Rxe3 Re6 $11 {1/2-1/2 Firt,S-Velicka,P/Opava
2000/CBM 76 ext (37)}) (16. Rfe1 Rac8 (16... Rfe8 17. g3 g6 18. Bc2 {1/2-1/2
Groszpeter,A-Lipinsky,F/Paks 2000/CBM 77 ext (18)}) 17. Bc2 Qc6 18. Bb3 Qxc3
19. Qxc3 Rxc3 20. Bxd5 Rd3 21. Re7 Rd8 22. Rc1 h6 23. Bxb7 Rxd4 24. g3 Kg8 25.
Rc7 Kf8 $11 {1/2-1/2 Nedev,T-Mikhalevski,V/San Salvador ESA 2003/(31)}) 16...
Rfe8 17. Rfe1 Re6 $1 {Black start to fight for the only open file "e".} (17...
g6 18. h4 Kg7 19. c4 $2 dxc4 20. Qxb7 Rab8 21. Qxa7 Ra8 22. Qc5 Qxc5 23. dxc5
Rxa2 $15 {0-1 Becerra Rivero,J-Perez,R/Santa Clara 1999/EXT 2003 (38)}) (17...
Rac8 18. h4 $1 (18. Bb3 Re4 19. Bc2 Ree8 20. h3 (20. Bb3 {1/2-1/2 Rublevsky,
S-Oll,L/Polanica Zdroj 1998/CBM 67 (20)}) 20... g6 21. Bb3 Re4 22. Bc2 Ree8 23.
g3 Kg7 24. h4 h5 25. Bb3 Re4 26. Bc2 Ree8 27. Bb3 {1/2-1/2 Ovetchkin,
R-Skatchkov,P/Nefteyugansk 2002/CBM 92 no vc (27)}) 18... g6 19. h5 Kg7 20. g3
Qc6 21. Rxe8 Rxe8 22. Kg2 $14 {1-0 Galkin,A-Macieja,B/Istanbul 2003/CBM 96/
[Huzman] (55)}) 18. h4 (18. Bxf5 $140 $4 Rxe1+ 19. Rxe1 Rf8 20. Re5 g6 21. Rxd5
Qa3 $19) 18... Rae8 19. Rxe6 Qxe6 $11 20. g3 g6 21. a4 {[%csl Rb7][%cal Ga4a5]}
a5 $5 {[%csl Ra4]} (21... Qe2 22. Qxe2 Rxe2 23. Rc1 Kg7 24. Kf1 Re7 25. Bb3 Bc6
$11) 22. Rb1 Bc6 23. h5 $36 Qe2 (23... Kg7 24. Qf4 Qe2 25. h6+ Kf6 26. Qd6+ Kg5
27. Qf4+ Kf6 $11) 24. Qxe2 Rxe2 25. Bd3 (25. Bb3 Kg7 26. Kf1 Re7 $11) 25... Rd2
(25... Ra2 26. h6 $1 Kg8 (26... Rxa4 27. Bb5 $1 $16) (26... Ra3 27. Ba6 $1 (27.
Bb5 Kg8 28. Bxc6 bxc6 29. Rb8+ (29. Rb7 Rxc3 30. Rg7+ Kh8 31. Ra7 Kg8 32. Rxa5
Rc4 $11) 29... Kf7 30. Rb7+ Kf6 $1 31. Rxh7 Kg5 $11) 27... Rxc3 28. Bxb7 Bxa4 (
28... Kg8 29. Bxc6 Rxc6 30. Rb8+ Kf7 31. Rb7+ Kf6 32. Rxh7 Kg5 33. Ra7 Kxh6 34.
Rxa5 Rc4 35. Rxd5 Rxa4 $16) 29. Bxd5 $18 {[%csl Rh8]})) 26. Bb5 Kg7 $1 27. Bxc6
bxc6 28. Rb7+ Kh6 29. hxg6 hxg6 30. Rc7 Ra2 31. Rxc6 Rxa4 32. Rc5 Ra1+ 33. Kg2
a4 34. Rxd5 Rc1 35. Ra5 Rxc3 36. Rxa4 Kg5 {[%cal Yf5f4] Aktive position of Rc3
and possibility of counterplay by f5-f4 determine drowing character of this
endgame.} 37. Kh3 (37. Ra6 Rd3 38. Rd6 f4 $14) 37... Rd3 38. f4+ Kh5 39. Ra8 g5
$1 {[%mdl 4096]} 40. Rh8+ Kg6 41. Rg8+ Kf6 (41... Kf7 $5 42. Rxg5 Kf6 43. Rg8
Rxd4 44. Kh4 Rd1 $11) 42. Rxg5 (42. fxg5+ Kf7 43. Rd8 f4 $11) 42... Rxd4 43.
Rg8 Rd1 44. Ra8 Rh1+ 45. Kg2 Rb1 46. Ra6+ Kg7 47. Kf2 Rb3 48. Re6 Kf7 49. Re3
Rb2+ 50. Kf3 Rb6 51. Rc3 Kf6 52. Ke3 Rb4 53. Kd3 Ra4 54. Rc6+ Kf7 55. Rc4 Ra3+
56. Kd4 Rxg3 57. Rc7+ Ke6 58. Rc6+ Kf7 59. Ke5 Ra3 60. Rc5 Ra6 61. Kxf5 Rb6 62.
Rc7+ Kf8 63. Rd7 Ra6 64. Ke5 Ra5+ 65. Ke6 Ra6+ 66. Rd6 Rxd6+ 67. Kxd6 Kf7 68.
Ke5 Ke7 1/2-1/2